Crecer con valores 2, primaria

Na minha lista:
Detalhes bibliográficos
Principais autores: Pereira de Gómez, María Nieves (Autor), Velasco García, Patricia (Autor)
Formato: Livro
Idioma:espanhol
Publicado em: Ciudad de México Trillas 2000
Assuntos:
Tags: Adicionar Tag
Sem tags, seja o primeiro a adicionar uma tag!

MARC

LEADER 00000nam a2200000 a 4500
001 UCN1921
003 CL-VaPUC
008 010504e20000000MX |||||||||||||||||spa|d
082 0 4 |a 370.114  |b PER  |2 21 
100 0 |a Pereira de Gómez, María Nieves  |e author  |9 457494 
700 0 |a Velasco García, Patricia  |e author  |9 457495 
245 1 0 |a Crecer con valores 2, primaria 
300 |a 120 p 
942 |c BK 
945 |d 20010504 00:00:00  |a cmena 
260 |a Ciudad de México  |b Trillas  |c 2000 
500 |a Complementario con Guía didáctica 2 
650 0 |a Educación moral  |9 308319 
650 0 |a Psicología educacional   |9 307830 
650 0 |a Métodos de enseñanza  |9 270413 
650 0 |a Actividades educativas  |9 308316 
650 0 |a Educación básica   |9 224933 
583 |a last modification  |c 20010504 00:00:00  |k Rodrigo Vera 
999 |c 295144  |d 295142 
952 |0 0  |1 0  |4 0  |6 370_114000000000000_PER_2000  |7 0  |8 A  |9 348075  |a BIBEDU  |b BIBEDU  |d 2019-11-20  |i 3717895  |o 370.114 PER 2000  |p 3717895  |r 2019-11-20  |w 2019-11-20  |y BK  |k EPE